000 01060cam a2200313 a 4500
999 _c4150
_d4150
001 4150
003 BD-JhCC
005 20220825134021.0
008 951107s1995 nyua b 000 0 eng
020 _a0425150755
035 _a(BD-JhCC)4150
040 _aDLC
_cDLC
_dDLC
_dBD-JhCC
041 _aeng
050 0 0 _aBF637.S4
_bC344 1995
082 0 0 _a158.1
_220
_bCAN 1995
100 1 _aCanfield, Jack,
_d1944-
245 1 4 _aThe Aladdin factor /
_cJack Canfield and Mark Victor Hansen.
250 _aBerkley trade pbk. ed.
260 _aNew York :
_bBerkley Books,
_c1995.
300 _axvi, 277 p. :
_bill. ;
_c22 cm.
504 _aIncludes bibliographical references (p. [271]-273).
650 0 _aSelf-realization.
650 0 _aInterpersonal communication.
700 1 _aHansen, Mark Victor.
856 4 2 _3Contributor biographical information
_uhttp://www.loc.gov/catdir/enhancements/fy1207/95222961-b.html
856 4 2 _3Publisher description
_uhttp://www.loc.gov/catdir/enhancements/fy1207/95222961-d.html
942 _2ddc
_cBK
_02